| 000 | 00513nam a2200217Ia 4500 | ||
|---|---|---|---|
| 008 | 210210b1928 xxu||||| |||| 00| 0 eng d | ||
| 041 | _aeng | ||
| 082 | _a320/608 | ||
| 100 | _aWARD (P W) | ||
| 245 | _aSovereignty- a study of contemporary political nations | ||
| 260 |
_a _bNot Mentioned _c1928 |
||
| 650 | _astudy | ||
| 650 | _aSovereignty- | ||
| 650 | _apolitical | ||
| 650 | _aof | ||
| 650 | _anations | ||
| 650 | _acontemporary | ||
| 650 | _aa | ||
| 690 | _aPolitical Science | ||
| 906 | _a003241 | ||
| 999 |
_c118578 _d118578 |
||